| 000 | 00772nam a22002537a 4500 | ||
|---|---|---|---|
| 005 | 20260313122259.0 | ||
| 008 | 260313b |||||||| |||| 00| 0 eng d | ||
| 020 | _a9789392140914 | ||
| 037 | _cTB | ||
| 040 |
_aLCT _cLCT |
||
| 041 |
_2eng _aeng _heng |
||
| 084 | _aV2:2:(Z) K6;R5 | ||
| 100 |
_aPandey, J N _9755495 |
||
| 245 | _aConstitutional Law of India/ | ||
| 250 | _a62nd ed. | ||
| 260 |
_aPrayagraj (Allahabad), India: _bCentral Law Agency, _c2025 |
||
| 300 | _aLxxviii, 957p. | ||
| 365 |
_b880.00 _cINR |
||
| 650 | _2Law | ||
| 650 | _aConstitutional Law | ||
| 650 |
_aIndian Constitution _9693624 |
||
| 700 |
_aPandey, Surendra Sahai _91131980 |
||
| 942 |
_2CC _cTB _hV2:2:(Z) K6;R0 _n0 |
||
| 999 |
_c1715335 _d1715335 |
||